Statistics for Face of Franchise: MLB

Click here to take the quiz!

General Stats

  • This quiz has been taken 201 times
  • The average score is 12 of 30

Answer Stats

HintAnswer% Correct
Los Angeles AngelsMike Trout
64%
Chicago CubsAnthony Rizzo
63%
Boston Red SoxDavid Ortiz
63%
Atlanta BravesFreddie Freeman
60%
Miami MarlinsGiancarlo Stanton
59%
Arizona DiamondbacksPaul Goldschmidt
58%
Baltimore OriolesAdam Jones
53%
Los Angeles DodgersClayton Kershaw
53%
Houston AstrosJose Altuve
50%
Pittsburgh PiratesAndrew McCutchen
47%
Toronto Blue JaysJose Bautista
45%
Milwaukee BrewersRyan Braun
43%
New York MetsDavid Wright
42%
San Francisco GiantsMadison Bumgarner
40%
Tampa Bay RaysEvan Longoria
39%
Detroit TigersJustin Verlander
39%
Chicago White SoxChris Sale
38%
Texas RangersAdrian Beltre
37%
New York YankeesAlex Rodriguez
37%
Minnesota TwinsJoe Mauer
37%
St Louis CardinalsAdam Wainwright
36%
Seattle MarinersFelix Hernandez
35%
Colorado RockiesCarlos Gonzalez
33%
Philadelphia PhilliesRyan Howard
31%
Washington NationalsRyan Zimmerman
29%
Kansas City RoyalsMike Moustakas
20%
Cicinnati RedsBrandon Phillips
19%
Oakland AthleticsSonny Gray
19%
Cleveland IndiansMichael Brantley
18%
San Diego PadresMatt Kemp
14%

Score Distribution

Percentile by Number Answered

Percent of People with Each Score

Your Score History

You have not taken this quiz